Comparison of difference nitrogen qualities combined with phosphorus and potassium on chhulsa rice variety in dry season in lvea commune, preah sdach district, prey veng province, ការប្រៀបធៀបបរិមាណអាសូតខុសៗគ្នាផ្សំជាមួយ ផូស្វ័ និងប៉ូតាស្យូ​ម លើពូជស្រូវជលសារក្នុងលក្ខខណ្ឌរដូវប្រំាង នៅឃុំល្វា ស្រុកព្រះស្ដេច ខេត្តព្រៃវែង (Record no. 7116)

000 -LEADER
fixed length control field 00969nam a22001337a 4500
040 ## - CATALOGING SOURCE
Transcribing agency RUA
082 ## - DEWEY DECIMAL CLASSIFICATION NUMBER
Classification number AGR SOE 2013 B433 Or.1
100 ## - MAIN ENTRY--AUTHOR NAME
Personal name SOEM KOEMNEANG ; សឹម គឹមនាង
245 ## - TITLE STATEMENT
Title Comparison of difference nitrogen qualities combined with phosphorus and potassium on chhulsa rice variety in dry season in lvea commune, preah sdach district, prey veng province, ការប្រៀបធៀបបរិមាណអាសូតខុសៗគ្នាផ្សំជាមួយ ផូស្វ័ និងប៉ូតាស្យូ​ម លើពូជស្រូវជលសារក្នុងលក្ខខណ្ឌរដូវប្រំាង នៅឃុំល្វា ស្រុកព្រះស្ដេច ខេត្តព្រៃវែង
260 ## - PUBLICATION, DISTRIBUTION, ETC. (IMPRINT)
Place of publication Phnom Penh
Name of publisher RUA
Year of publication 2013
300 ## - PHYSICAL DESCRIPTION
Number of Pages xii ;46p.
Other physical details ill.
Dimensions 29cm.
856 ## - ELECTRONIC LOCATION AND ACCESS
Uniform Resource Identifier https://drive.google.com/file/d/1Ql73MawJwPGKTcGIgrqA35f8Veqov6Tt/view?usp=sharing
942 ## - ADDED ENTRY ELEMENTS (KOHA)
Koha item type AGR
952 ## - LOCATION AND ITEM INFORMATION (KOHA)
Withdrawn status [LOCAL, KOHA] 0
952 ## - LOCATION AND ITEM INFORMATION (KOHA)
Withdrawn status [LOCAL, KOHA] 0
952 ## - LOCATION AND ITEM INFORMATION (KOHA)
Withdrawn status [LOCAL, KOHA] 0
952 ## - LOCATION AND ITEM INFORMATION (KOHA)
Withdrawn status [LOCAL, KOHA] 0
952 ## - LOCATION AND ITEM INFORMATION (KOHA)
Withdrawn status [LOCAL, KOHA] 0
952 ## - LOCATION AND ITEM INFORMATION (KOHA)
Withdrawn status [LOCAL, KOHA] 0
952 ## - LOCATION AND ITEM INFORMATION (KOHA)
Withdrawn status [LOCAL, KOHA] 0
952 ## - LOCATION AND ITEM INFORMATION (KOHA)
Withdrawn status [LOCAL, KOHA] 0
952 ## - LOCATION AND ITEM INFORMATION (KOHA)
Withdrawn status [LOCAL, KOHA] 0
952 ## - LOCATION AND ITEM INFORMATION (KOHA)
Withdrawn status [LOCAL, KOHA] 0
952 ## - LOCATION AND ITEM INFORMATION (KOHA)
Withdrawn status [LOCAL, KOHA] 0
Holdings
Permanent Location Date acquired Koha item type Lost status Shelving location Barcode Current Location Full call number
Library Block B2016-02-26AGR B433RUA053826Library Block BAGR SOE 2013 B433 Or.1
Library Block B2016-02-26AGR B433RUA053539Library Block BAGR SOE 2013 B433 Or.2
Library Block B2016-02-26AGR B433RUA053780Library Block BAGR SOE 2013 B433 Or.3
Library Block B2016-02-26AGR B433RUA053778Library Block BAGR SOE 2013 B433 Or.4
Library Block B2016-02-26AGR B433RUA053777Library Block BAGR SOE 2013 B433 Or.5
Library Block B2016-02-26AGR B433RUA053599Library Block BAGR SOE 2013 B433 Or.6
Library Block B2016-02-26AGR B433RUA53844Library Block BAGR SOE 2013 B433 Or.7
Library Block B2016-02-26AGR B433RUA053768Library Block BAGR SOE 2013 B433 Or.8
Library Block B2021-10-11AGR B433A066479Library Block BAGR SOE 2013 B433 Or.1
Library Block B2021-10-11AGR B433A066419Library Block BAGR SOE 2013 B433 Or
Library Block B2021-10-11AGR B433A066351Library Block BAGR SOE 2013 B433 Or
មជ្ឈមណ្ឌលឯការនៃសាកលវិទ្យាល័យភូមិន្ទកសិកម្មចំការដូង

Powered by Koha